1040 1768 1912 1185 1892 1024 1040 1645 1984 1990 1432 1898 1648 1792 1394 1200 1607 1262 1964 1611 1433 1925 1828 1690 1103 1302 1765 1921 1337 1956 1261 1165 1124 1385 1876 1945 1631 1781 1438 1269 1150 1076 1772 1327 1710 1840 1439 1839 1432 1653 1219 1616 1466 1308 1868 1445 1148 1934 1519 1029 1543 1200 1874 1546 1262 1613 1796 1331 1626 1165 1216 1513 1131 1286 1706 1880 1183 1231 1117 1362 1977 1861 1204 1033 1831 1325 1809 1413 1284 1591 1013 1239 1550 1253 1248 1046 1590 1997 1098 BCNSPRNW ULIB Ver.6.0+V

เปลี่ยนเป็นภาษาไทย

Change to English
 แสดงรายละเอียดบรรณานุกรม
  กลับหน้าหลัก

Brief Record : Get Marc (ISO 2709) : E-mail record : QR code < ปิดหน้าต่าง
LEADER : 00000nam 2200000uu 4500
001    13399120550
003     ULIB
008    120927s2549||||th 000 0 tha d
020    ^a9741106254
060  4 ^aWY105^bฝ159s
245 00 ^aSiriraj nursing competency dictionary /^cฝ่ายการพยาบาลโรงพยาบาลศิริราช
250    ^aพิมพ์ครั้งที่ 1
260    ^a[กรุงเทพฯ] :^bฝ่ายการพยาบาล โรงพยาบาลศิริราช,^c2549
300    ^a[11], 191 หน้า ;^c30 ซม.
650  7 ^aความสามารถ^xคำศัพท์
650  7 ^aการทำงาน
650  7 ^aพยาบาล
710 2  ^aฝ่ายการพยาบาล. ^bโรงพยาบาลศิริราช
945    ^p200^l0^i15104
995    ^aวิภา
999 ^a ใช้งานได้ทุกระบบ
รายการนี้ยังไม่มีแท็ก
คุณยังไม่ได้ล็อกอิน คุณสามารถมีกิจกรรมร่วมกับเว็บไซต์ได้ แต่ต้องล็อกอินก่อน ::
  ล็อกอิน

รายการสื่อสารสนเทศ

ลำดับที่ ประเภท เลขเรียก/บาร์โค้ด สถานที่ สถานะ
1. Book การพยาบาล
Book การพยาบาล
สถานะ=หนังสือเก่า
WY105 ฝ159s  
  Barcode: 15104
ห้องสมุดวิทยาเขตนครสวรรค์
►หนังสือทั่วไป:l:General Books
บนชั้น

รายการใกล้เคียง
    หัวเรื่อง [การทำงาน]
    หัวเรื่อง [พยาบาล]

BibComment


ยังไม่เคยถูกคอมเมนท์

คอมเมนท์ทรัพยากรรายการนี้
  คอมเมนท์: Siriraj nursing ..


 Copyright 2026. Bcnsprnw @Library